Proceedings of the National Symposium on new trends in crop improvement of perennial species, August 30, 1990, Kottayam (Record no. 43745)

MARC details
000 -LEADER
fixed length control field 00579nam a2200169Ia 4500
082 ## - DEWEY DECIMAL CLASSIFICATION NUMBER
Classification number 575:631.52:061.3
Item number RRI;1
245 #0 - TITLE STATEMENT
Title Proceedings of the National Symposium on new trends in crop improvement of perennial species, August 30, 1990, Kottayam
260 ## - PUBLICATION, DISTRIBUTION, ETC. (IMPRINT)
Place of publication Kottayam
Name of publisher RRII, Division of Botany
Year of publication 1990
650 ## - SUBJECT ADDED ENTRY--TOPICAL TERM
Topical Term Crop breeding
650 ## - SUBJECT ADDED ENTRY--TOPICAL TERM
Topical Term Hevea breeding
650 ## - SUBJECT ADDED ENTRY--TOPICAL TERM
Topical Term Hevea genetic improvement
650 ## - SUBJECT ADDED ENTRY--TOPICAL TERM
Topical Term Hevea genetic parameters
650 ## - SUBJECT ADDED ENTRY--TOPICAL TERM
Topical Term Hevea hybrid correlation
650 ## - SUBJECT ADDED ENTRY--TOPICAL TERM
Topical Term Rubber prepotency
942 ## - ADDED ENTRY ELEMENTS (KOHA)
Koha item type Books
Holdings
Withdrawn status Lost status Damaged status Not for loan Home library Current library Date acquired Source of acquisition Full call number Accession Number Koha item type
        RRII Library RRII Library 16/12/2021 Gift 575:631.52:061.3 RRI;1 G00497 Books